Football : Les meilleurs buteurs de la Juventus en LDC au 21ème siècle - Statistiques

Statistiques générales
  • Ce quiz a été pris 98 fois
  • Le résultat moyen est 8 sur 10
Statistiques - réponses
Buts Pays Joueur % Correct
14 Portugal Cristiano Ronaldo
95%
42 Italie Alessandro Del Piero
93%
25 France David Trezeguet
88%
18 Argentine Paulo Dybala
85%
9 Chili Arturo Vidal
83%
11 République Tchèque Pavel Nedved
83%
15 Espagne Alvaro Morata
81%
8 Serbie Dusan Vlahovic
79%
12 Argentine Gonzalo Higuain
79%
10 Croatie Mario Mandzukic
79%
Aucun quiz correspondant
Distribution des résultats
% des personnes avec chaque résultat
Percentile par nombre de réponses
Votre historique - résultats
Vous n’avez pas pris ce quiz